| 000 | 00732nam a2200277Ia 4500 | ||
|---|---|---|---|
| 001 | 14917 | ||
| 005 | 20240113235559.0 | ||
| 007 | ta | ||
| 008 | 051129s1958 g b000 u asm u | ||
| 040 | _aCotton College,Assam | ||
| 041 | _aasm | ||
| 082 |
_a891.41182 _bH 336 J |
||
| 100 | _aHazarika, Atul Ch. . | ||
| 245 | 0 |
_aJatiyo Sangit / _cAtul Ch. Hazarika. _hTextual Documents |
|
| 250 | _a3rd ed. / | ||
| 260 |
_aShillong : _bChapala Sahitya Sadan , _c1958. |
||
| 300 |
_a131p. ; _c17cm. |
||
| 653 | _aAssamese Poetry-Collections | ||
| 653 | _aG-Assamese | ||
| 653 | _aAssamese Songs-Patriotic | ||
| 653 | _aT/G-Assamese | ||
| 942 |
_2ddc _cBK |
||
| 999 |
_c14903 _d14903 |
||